00661nam a22002297a 450000500170000001000110001702000100002803500110003803700160004904000120006508200130007710000160009024500650010626000360017127000380020730000200024549000580026550000500032365000140037365000260038770000180041320170124105946.0 a473798 c00.00 a473798 bCen Lib/Ret aDPLbEN a200bEAR aEarle, Nick aCulture & creed :cby Nick Earleba study of human beliefs / aLondonbThames and Hudsonc1967 a30-34, bloomsbury street bLondon a160p.c21cm(Hb) aThe general studies library ; edited by Percy Wilson  aIncludes bibliographical references and index aReligion  aOrigin of philosophy  aWilson, Percy